Представление документа в формате RUSMARC

ПолеНазваниеЗначение
  Тип записи a
  Библиографический уровень c
001 Контрольный номер 167c2e5c3eb8448096b290b7fc9825aa
005 Дата корректировки 20241121143519.1
010 Индекс ISBN __
a ISBN 978-5-17-069057-2
b Уточнения в пер.
9 Тираж 3000 экз.
d Цена 400-00
100 Данные общей обработки __
a Данные общей обработки 20240403d2018 d y0rusy028902 ca
101 Язык документа 0_
a Язык текста rus
102 Страна публикации __
a Страна публикации RU
105 Кодированные данные (монография) __
a Кодированные данные (монография) y z 000ay
181 Поле кодированных данных: вид содержания _0
a Код вида содержания (ISBD) i
182 Поле кодированных данных: тип средства _0
a Код типа средства (ISBD) n
200 Заглавие и сведения об ответственности 1_
a Заглавие Повести о дружбе и любви
e Сведения, относящиеся к заглавию для среднего школьного возраста
f Первые сведения об ответственности Анатолий Алексин
203 Вид содержания и тип средства __
a Вид содержания Текст
c Тип средства непосредственный
210 Выходные данные 1_
a Место издания Москва
c Издательство АСТ
d Дата издания 2018
215 Физическое описание __
a Объем 798, [1] с.
d Формат 21 см
225 Серия 2_
a Серия Вся детская классика
330 Аннотация __
a Аннотация В этот сборник вошли повести классика отечественной прозы А. Г. Алексина. Юные герои впервые сталкиваются со взрослыми, нередко драматическими проблемами. Как сделать правильный выбор? Как научиться понимать людей и самого себя? Как войти в мир зрелым, сильным и достойным человеком?
333 Примечание о целевом назначении __
a Примечание о целевом назначении 6+. Для детей старше шести лет
464 Аналитический уровень _0
1 2001
a Мой брат играет на кларнете
464 Аналитический уровень _0
1 2001
a Коля пишет Оле, Оля пишет Коле
464 Аналитический уровень _0
1 2001
a Саша и Шура
464 Аналитический уровень _0
1 2001
a Смешилка - это я!
464 Аналитический уровень _0
1 2001
a Звоните и приезжайте!..
464 Аналитический уровень _0
1 2001
a Очень страшные истории : детективные истории которые сочинил Алик Деткин
464 Аналитический уровень _0
1 2001
a Поздний ребенок
464 Аналитический уровень _0
1 2001
a Добрый гений
606 Тематические рубрики __
a Основная рубрика Художественная литература
2 Код системы nlr_sh
606 Тематические рубрики __
a Основная рубрика Русская литература XX в. (произведения)
2 Код системы nlr_sh
610 Ключевые слова 0_
a Ключевые слова детская литература
610 Ключевые слова 0_
a Ключевые слова детская проза
610 Ключевые слова 0_
a Ключевые слова повести
610 Ключевые слова 0_
a Ключевые слова тема веселья
610 Ключевые слова 0_
a Ключевые слова тема взаимоотношений
610 Ключевые слова 0_
a Ключевые слова тема воспитания
610 Ключевые слова 0_
a Ключевые слова тема выбора
610 Ключевые слова 0_
a Ключевые слова тема детей
610 Ключевые слова 0_
a Ключевые слова тема детства
610 Ключевые слова 0_
a Ключевые слова тема дружбы
610 Ключевые слова 0_
a Ключевые слова тема друзей
610 Ключевые слова 0_
a Ключевые слова тема каникул
610 Ключевые слова 0_
a Ключевые слова тема лагерей
610 Ключевые слова 0_
a Ключевые слова тема любви
610 Ключевые слова 0_
a Ключевые слова тема отдыха
610 Ключевые слова 0_
a Ключевые слова тема первой любви
610 Ключевые слова 0_
a Ключевые слова тема приключений
610 Ключевые слова 0_
a Ключевые слова приключения
610 Ключевые слова 0_
a Ключевые слова тема развлечений
610 Ключевые слова 0_
a Ключевые слова тема школьников
610 Ключевые слова 0_
a Ключевые слова тема школьной жизни
610 Ключевые слова 0_
a Ключевые слова тема юмора
610 Ключевые слова 0_
a Ключевые слова юмор
686 Индексы других классификаций __
2 Код системы rubbks
a Классификационный индекс ст84(2=411.2)6-4
700 Автор _1
a Фамилия Алексин
b Имя А. Г.
f Даты 1924-
g Полное личное имя Анатолий Георгиевич
4 Код отношения 070
801 Источник записи _0
a Страна RU
b Организация Муниципальное бюджетное учреждение культуры "Централизованная библиотечная система" г. Сургут (Центральная городская библиотека им. А. С. Пушкина)
c Дата составления 20240403
g Правила каталогизации PSBO
801 Источник записи _1
a Страна RU
b Организация Муниципальное бюджетное учреждение культуры "Централизованная библиотечная система" г. Сургут (Центральная городская библиотека им. А. С. Пушкина)
c Дата составления 20240403
g Правила каталогизации PSBO
852 Данные о местонахождении __
j Шифр хранения ст84(2=411.2)6-4
i Авторский знак А 48
900 Макрообъекты __
a Макрообъекты Повести о дружбе и любви. Анатолий Алексин. 2018
901 Тип документа __
a Ответственный ООФиК/Волкова
t Тип документа x
903 Характеристики (МАРС) __
a Дата передачи 20240403
c Наименование библиотеки (МАРС) Муниципальное бюджетное учреждение культуры "Централизованная библиотечная система" г. Сургут (Центральная городская библиотека им. А. С. Пушкина)
969 Тип издания __
a Тип издания издание для детей
990 Данные о заказе (DOS) __
j Количество экземпляров (DOS) 1
t N записи в КСУ для И/У (DOS) 202404